000 00964cam a22003017a 4500
003 CHAP
005 20220329135317.0
008 971013s1975 r 00010 d
010 _a34207
011 _a35179
035 _a39295
040 _cCHAP
082 _a584.15
_bL84
100 0 0 _aLuer, Carlyle A.
_968926
245 1 4 _aTHe native orchids of the United States and Canada
_b: excluding Florida
260 _a(New York) :
_bNew York Botanical Garden,
_c1975
300 _a361 p.
_b: ilus.
590 _aBATCH-UPD
_b10
_c20130110
_lUCH01
_h0310
590 _aBATCH-UPD
_b10
_c20130110
_lUCH01
_h2318
590 _aBATCH-UPD
_b10
_c20130409
_lUCH01
_h2342
590 _aBATCH-UPD
_b10
_c20130914
_lUCH01
_h1838
590 _aCONVERSION
_b10
_c20130109
_lUCH01
_h1319
650 1 4 _aOrquidáceas.
_983723
710 0 _aNew York Botanical Garden.
_981022
901 _aBK
942 _cLIBRO
949 _a584.15 L84
_bBC
_cLIBRO
_d33724000448833
_eLIBRO
_h56086
_i39295
_si
999 _c34207
_d34207